00567cam a22002291 4500001001300000003000400013005001700017008004100034010001700075025002000092035002000112040002100132042001200153050001800165100003600183245002000219260001000239300002900249500001500278650002700293999001700320sa 68002635 DLC20260227112445.0940922s1966 ii a 000 0 telo  asa 68002635  aPL480:I-Te-1515 a(OCoLC)31160563 aDLCcCUdCUdDLC apremarc00aPL4780.8b.V51 aVīrrāju, Śīlā,d1939-10aĒrina pūlu. c1966. aiv, 336 p.bill.c19 cm. aIn Telugu. 0aShort stories, Telugu. c78880d78880